[Event "Tamil Nadu IM 21st"]
[Site "Chennai"]
[Date "2024.07.24"]
[Round "6"]
[White "Manigandan, SS."]
[Black "Lokesh, N1."]
[Result "1/2-1/2"]
[WhiteElo "2085"]
[BlackElo "2214"]
[PlyCount "64"]
[EventDate "2024.07.21"]
[EventType "tourn"]
[EventRounds "9"]
[EventCountry "IND"]
[EventCategory "2"]
[SourceTitle "CBM 221 Extra"]
[Source "ChessBase"]
[SourceDate "2024.09.30"]
[SourceVersion "1"]
[SourceVersionDate "2024.09.30"]
[SourceQuality "1"]

1. d4 d5 2. Nf3 Nf6 3. c4 e6 4. Nc3 Nbd7 5. Bf4 dxc4 6. e3 b5 7. Nxb5 Bb4+ 8. Nd2 Nd5 9. Bg3 a6 10. Nc3 c5 11. Bxc4 Nxc3 12. bxc3 Bxc3 13. Rc1 cxd4 14. 0-0 Nb6 15. Ne4 Nxc4 16. Qa4+ Bd7 17. Qxc4 0-0 18. Rfd1 Bb5 19. Qb3 Qa5 20. Nxc3 dxc3 21. Qxc3 Qxc3 22. Rxc3 Rfd8 23. Rxd8+ Rxd8 24. h4 f6 25. Rc2 e5 26. f3 Rd1+ 27. Kh2 h5 28. e4 Ra1 29. Bf2 Bd3 30. Rc3 Rxa2 31. Rxd3 Rxf2 32. Ra3 Kh7 1/2-1/2

[Event "Tamil Nadu IM 21st"]
[Site "Chennai"]
[Date "2024.07.21"]
[Round "1"]
[White "Manigandan, SS."]
[Black "Manik, Mikulas"]
[Result "1/2-1/2"]
[WhiteElo "2085"]
[BlackElo "2338"]
[PlyCount "60"]
[EventDate "2024.07.21"]
[EventType "tourn"]
[EventRounds "9"]
[EventCountry "IND"]
[EventCategory "2"]
[SourceTitle "CBM 221 Extra"]
[Source "ChessBase"]
[SourceDate "2024.09.30"]
[SourceVersion "1"]
[SourceVersionDate "2024.09.30"]
[SourceQuality "1"]

1. d4 Nf6 2. Nf3 g6 3. c4 Bg7 4. Nc3 0-0 5. e4 d6 6. Be2 e5 7. 0-0 h6 8. Re1 Nc6 9. d5 Ne7 10. b4 Nd7 11. Ba3 a5 12. bxa5 Rxa5 13. Bb4 Ra8 14. a4 f5 15. Nd2 b6 16. Nb5 Ba6 17. Qb3 h5 18. Ra2 Bh6 19. exf5 Nxf5 20. Bd3 Nc5 21. Bxc5 bxc5 22. Bxf5 gxf5 23. Qg3+ Kh7 24. Qh3 Bxb5 25. cxb5 Bxd2 26. Rxd2 Qg5 27. Ra2 Rfb8 28. f4 exf4 29. Rae2 Rg8 30. Re7+ Rg7 1/2-1/2

[Event "Bangalore op-A 1st"]
[Site "Bangalore"]
[Date "2024.01.25"]
[Round "9"]
[White "Manigandan, SS."]
[Black "Nguyen, Duc Hoa"]
[Result "1/2-1/2"]
[WhiteElo "2016"]
[BlackElo "2322"]
[PlyCount "214"]
[EventDate "2024.01.18"]
[EventType "swiss"]
[EventRounds "10"]
[EventCountry "IND"]
[SourceTitle "CBM 218 Extra"]
[Source "ChessBase"]
[SourceDate "2024.03.31"]
[SourceVersion "1"]
[SourceVersionDate "2024.03.31"]
[SourceQuality "1"]

1. d4 Nf6 2. Nf3 g6 3. c4 Bg7 4. Nc3 0-0 5. e4 d6 6. Be2 Bg4 7. Ng1 Bd7 8. Nf3 Bg4 9. Ng1 Bd7 10. Nf3 e5 11. 0-0 exd4 12. Nxd4 Nc6 13. Be3 Re8 14. f3 Nh5 15. Qd2 Nxd4 16. Bxd4 Bxd4+ 17. Qxd4 Nf4 18. Rfe1 Qg5 19. Bf1 Re5 20. g3 Ne6 21. Qf2 Ra5 22. b4 Ra6 23. f4 Qd8 24. c5 b5 25. f5 Ng5 26. h4 Ra3 27. Rac1 dxc5 28. hxg5 Qxg5 29. Qxc5 Qxg3+ 30. Bg2 a5 31. Re3 Qh4 32. bxa5 Qg5 33. Rce1 R8xa5 34. Qxc7 b4 35. Qb8+ Kg7 36. Qxb4 gxf5 37. Qd4+ Kg6 38. Qxd7 f4 39. Qd6+ f6 40. Rd3 Rc5 41. Qd4 Rcxc3 42. Rxc3 Rxa2 43. Qf2 Rxf2 44. Kxf2 Qe5 45. Rf3 Qd4+ 46. Kf1 Kg5 47. Bh3 h5 48. Bf5 Qd2 49. Re2 Qd1+ 50. Kf2 Qh1 51. Rh3 Qd1 52. Re1 Qc2+ 53. Kf1 Qd2 54. Re2 Qd1+ 55. Kf2 h4 56. Re1 Qd2+ 57. Kf1 Qd4 58. Rf3 Qd2 59. Re2 Qd1+ 60. Kf2 Qh1 61. Bh3 Qd1 62. Re1 Qd2+ 63. Kf1 Qd4 64. Bf5 Qd2 65. Bh3 Qd4 66. Re2 Qc4 67. Bf5 Qb5 68. Kf2 Qc4 69. Rd2 Qc1 70. Rfd3 Qh1 71. Rh3 Qc1 72. Re2 Qd1 73. Re1 Qd2+ 74. Kf1 Qd4 75. Rf3 Qd2 76. Bh3 Qd4 77. Re2 Qc4 78. Kf2 Qb5 79. Rd2 Qc5+ 80. Kg2 Kh6 81. Bf5 Kg5 82. Kh3 Qc1 83. Rg2+ Kh5 84. Kh2 Qc7 85. Rgf2 Kg5 86. Kh3 Qc1 87. Rf1 Qd2 88. Rxf4 Kh6 89. Rxh4+ Kg7 90. Rg1+ Kf8 91. Rh8+ Kf7 92. Rh7+ Kf8 93. Rg3 Qd1 94. Kh2 Qd2+ 95. Kh3 Qd1 96. Rh8+ Kf7 97. Rhg8 Qh1+ 98. Kg4 Kxg8 99. Kf4+ Kf7 100. Rh3 Qf1+ 101. Ke3 Qc1+ 102. Kf3 Qc3+ 103. Kg4 Qd2 104. Rh7+ Kg8 105. Kf3 Qd3+ 106. Kf2 Qd2+ 107. Kf3 Qd3+ 1/2-1/2

[Event "Madurai Athens of the East op 3rd"]
[Site "Madurai"]
[Date "2023.12.25"]
[Round "4"]
[White "Manigandan, SS."]
[Black "Deepan Chakkravarthy, J."]
[Result "0-1"]
[WhiteElo "2016"]
[BlackElo "2422"]
[PlyCount "84"]
[EventDate "2023.12.23"]
[EventType "swiss"]
[EventRounds "10"]
[EventCountry "IND"]
[SourceTitle "CBM 218 Extra"]
[Source "ChessBase"]
[SourceDate "2024.03.31"]
[SourceVersion "1"]
[SourceVersionDate "2024.03.31"]
[SourceQuality "1"]

1. d4 e6 2. c4 Nf6 3. Nf3 b6 4. g3 Ba6 5. Qc2 d5 6. Nbd2 Nbd7 7. e4 dxe4 8. Nxe4 Bb7 9. Bd3 Bb4+ 10. Bd2 Nxe4 11. Bxe4 Bxe4 12. Qxe4 Bxd2+ 13. Nxd2 0-0 14. Nf3 c5 15. Rd1 Qc7 16. 0-0 Rad8 17. b3 a6 18. dxc5 Nxc5 19. Qe2 h6 20. Rxd8 Rxd8 21. Rd1 Kf8 22. Ne5 Rxd1+ 23. Qxd1 Ke7 24. f4 f6 25. Ng6+ Ke8 26. f5 Qd7 27. Qxd7+ Kxd7 28. Nf8+ Ke7 29. Nxe6 Nxe6 30. fxe6 Kxe6 31. Kf2 Ke5 32. Ke3 a5 33. a3 f5 34. b4 g5 35. Kd3 a4 36. Ke3 h5 37. Kd3 h4 38. gxh4 gxh4 39. Ke3 f4+ 40. Kd3 h3 41. Ke2 Ke4 42. Kf2 Kd4 0-1

[Event "Sivakasi Mahalingam Cup"]
[Site "Sivakasi"]
[Date "2023.07.24"]
[Round "7"]
[White "Gokulakrishna, S."]
[Black "Manigandan, SS."]
[Result "1-0"]
[WhiteElo "1743"]
[BlackElo "2036"]
[PlyCount "99"]
[EventDate "2023.07.21"]
[EventType "swiss"]
[EventRounds "9"]
[EventCountry "IND"]
[SourceTitle "EXT 2024"]
[Source "ChessBase"]
[SourceDate "2023.10.10"]
[SourceVersion "1"]
[SourceVersionDate "2023.10.10"]
[SourceQuality "1"]

1. e4 c5 2. Nf3 e6 3. d4 cxd4 4. Nxd4 Nc6 5. Nc3 Qc7 6. Be3 a6 7. a3 Nf6 8. f4 Nxd4 9. Qxd4 Ng4 10. e5 Nxe3 11. Qxe3 d5 12. exd6 Bxd6 13. g3 Bc5 14. Qd3 Bd7 15. Bg2 Bc6 16. Bxc6+ Qxc6 17. Qe4 Rc8 18. Qxc6+ Rxc6 19. Ne4 Bb6 20. 0-0-0 Ke7 21. Rd3 Rd8 22. Rxd8 Bxd8 23. c3 h6 24. Kc2 Bc7 25. h4 f5 26. Nf2 e5 27. fxe5 Bxe5 28. Rg1 Rg6 29. Nh1 Rg4 30. Kd3 Kf6 31. Ke2 f4 32. Nf2 Rg6 33. h5 Rxg3 34. Ne4+ Kf5 35. Nxg3+ fxg3 36. Kf3 Kg5 37. Rd1 Bf6 38. Rd5+ Kh4 39. Kg2 b5 40. a4 bxa4 41. Ra5 a3 42. Rxa3 Kxh5 43. Kxg3 Be5+ 44. Kg2 g5 45. Rxa6 Bg7 46. b4 Bxc3 47. b5 Be5 48. b6 Kg4 49. b7 h5 50. Ra4+ 1-0

[Event "Sivakasi Mahalingam Cup"]
[Site "Sivakasi"]
[Date "2023.07.24"]
[Round "8"]
[White "Manigandan, SS."]
[Black "Abel, Sajan"]
[Result "1/2-1/2"]
[WhiteElo "2036"]
[BlackElo "1603"]
[PlyCount "147"]
[EventDate "2023.07.21"]
[EventType "swiss"]
[EventRounds "9"]
[EventCountry "IND"]
[SourceTitle "EXT 2024"]
[Source "ChessBase"]
[SourceDate "2023.10.10"]
[SourceVersion "1"]
[SourceVersionDate "2023.10.10"]
[SourceQuality "1"]

1. d4 Nf6 2. Nf3 g6 3. c4 Bg7 4. Nc3 0-0 5. e4 d6 6. Be2 e5 7. 0-0 Nc6 8. d5 Ne7 9. b4 Nh5 10. Re1 f5 11. Ng5 Nf6 12. Bf3 c6 13. b5 h6 14. Ne6 Bxe6 15. dxe6 fxe4 16. Nxe4 Nxe4 17. Bxe4 d5 18. cxd5 cxd5 19. Bc2 Qb6 20. Re2 e4 21. Rb1 Bd4 22. Be3 Bxe3 23. Rxe3 Kh7 24. Qe2 Rf6 25. Rd1 Raf8 26. Bxe4 Rxf2 27. Qxf2 Rxf2 28. Kxf2 dxe4 29. Rd7 Qxe6 30. Rxb7 h5 31. Rxa7 Kh6 32. b6 Qf6+ 33. Ke2 Qb2+ 34. Kf1 Qxb6 35. Raa3 Nf5 36. Rxe4 Qb5+ 37. Re2 Nd4 38. Rae3 Nxe2 39. Rxe2 Kg5 40. Kf2 h4 41. Re3 Qb2+ 42. Kf1 Qxa2 43. Rf3 Qb1+ 44. Kf2 Qc2+ 45. Kf1 Kh5 46. h3 Kg5 47. Kg1 Qe2 48. Rf1 Qe3+ 49. Kh1 Qg3 50. Kg1 Qd3 51. Rf7 Qe2 52. Rf1 Kh6 53. Rf7 Qa2 54. Rf3 Kg7 55. Rf1 Qe2 56. Rf3 Qd1+ 57. Rf1 Qd3 58. Rf3 Qe2 59. Rf1 Kh6 60. Rf7 g5 61. Rf3 Kh7 62. Rf7+ Kg6 63. Rf3 g4 64. hxg4 Kg5 65. Kh2 Kxg4 66. Kg1 Qd1+ 67. Kh2 Qe1 68. Rh3 Kf4 69. Rf3+ Ke4 70. Rh3 Qf2 71. Rf3 Qxf3 72. gxf3+ Kxf3 73. Kh3 Kf4 74. Kxh4 1/2-1/2

[Event "Sivakasi Mahalingam Cup"]
[Site "Sivakasi"]
[Date "2023.07.22"]
[Round "3"]
[White "Prathamesh, Shashikant Deshmukh"]
[Black "Manigandan, SS."]
[Result "0-1"]
[WhiteElo "1534"]
[BlackElo "2036"]
[PlyCount "94"]
[EventDate "2023.07.21"]
[EventType "swiss"]
[EventRounds "9"]
[EventCountry "IND"]
[SourceTitle "EXT 2024"]
[Source "ChessBase"]
[SourceDate "2023.10.10"]
[SourceVersion "1"]
[SourceVersionDate "2023.10.10"]
[SourceQuality "1"]

1. e4 c5 2. Nc3 e6 3. f4 a6 4. Nf3 Nc6 5. d3 d5 6. g3 b5 7. e5 Nge7 8. Bg2 Nf5 9. Ne2 Be7 10. c3 Qb6 11. d4 g6 12. Qd3 a5 13. Be3 b4 14. Bf2 bxc3 15. bxc3 Qb2 16. Qb1 Rb8 17. Qxb2 Rxb2 18. g4 Ba6 19. Bf1 Ng7 20. dxc5 h5 21. g5 Kd7 22. Bd4 Nf5 23. Nc1 Bxf1 24. Rxf1 Rhb8 25. Rf2 Ncxd4 26. cxd4 Ne3 27. Nd3 Ng2+ 28. Kf1 Ne3+ 29. Ke1 Nc2+ 30. Kd1 Ne3+ 31. Ke1 Ng2+ 32. Kf1 Ne3+ 33. Ke1 Rb1+ 34. Rxb1 Rxb1+ 35. Ke2 Nd1 36. Nd2 Ra1 37. Nb3 Rb1 38. Nd2 Ra1 39. Nb3 Rb1 40. Nd2 Nc3+ 41. Kf3 Rd1 42. Ke3 Nxa2 43. Nb3 Nc3 44. Nxa5 Ra1 45. Nb3 Ra3 46. Kd2 Ne4+ 47. Ke3 Nxf2 0-1

[Event "Sivakasi Mahalingam Cup"]
[Site "Sivakasi"]
[Date "2023.07.21"]
[Round "1"]
[White "Pavithra, N."]
[Black "Manigandan, SS."]
[Result "0-1"]
[WhiteElo "1219"]
[BlackElo "2036"]
[PlyCount "40"]
[EventDate "2023.07.21"]
[EventType "swiss"]
[EventRounds "9"]
[EventCountry "IND"]
[SourceTitle "EXT 2024"]
[Source "ChessBase"]
[SourceDate "2023.10.10"]
[SourceVersion "1"]
[SourceVersionDate "2023.10.10"]
[SourceQuality "1"]

1. e4 c5 2. Nc3 e6 3. f4 d5 4. exd5 exd5 5. Bb5+ Nc6 6. d3 Nf6 7. Nge2 Qb6 8. Bxc6+ Qxc6 9. d4 b6 10. 0-0 Be7 11. Re1 0-0 12. h3 Re8 13. Kh1 Nh5 14. dxc5 Bxc5 15. a3 d4 16. Na2 Bxh3 17. Rg1 Rxe2 18. Qxe2 Ng3+ 19. Kh2 Nxe2 20. Re1 Qxg2# 0-1

[Event "IND-chT 42nd"]
[Site "Pollachi"]
[Date "2023.02.13"]
[Round "5.3"]
[White "Manigandan, SS."]
[Black "Das, Sayantan"]
[Result "0-1"]
[WhiteElo "2120"]
[BlackElo "2468"]
[PlyCount "75"]
[EventDate "2023.02.10"]
[EventType "team-swiss"]
[EventRounds "9"]
[EventCountry "IND"]
[SourceTitle "CBM 212 Extra"]
[Source "ChessBase"]
[SourceDate "2023.03.31"]
[SourceVersion "1"]
[SourceVersionDate "2023.03.31"]
[SourceQuality "1"]
[WhiteTeam "Tamil Nadu III"]
[BlackTeam "RSPB II"]
[WhiteTeamCountry "IND"]
[BlackTeamCountry "IND"]

1. d4 Nf6 2. c4 e6 3. Nf3 c5 4. d5 exd5 5. cxd5 d6 6. Nc3 g6 7. Bf4 a6 8. a4 Bg7 9. e3 Bg4 10. Be2 Bxf3 11. Bxf3 0-0 12. 0-0 Qe7 13. h3 Nbd7 14. Re1 Rab8 15. Be2 Ne8 16. Qd2 Nc7 17. Bg3 b6 18. Bf1 Rb7 19. e4 g5 20. Nd1 Be5 21. Ra3 Kh8 22. Kh1 b5 23. axb5 Nxb5 24. Bxb5 Rxb5 25. Bxe5+ Nxe5 26. Ne3 Rb6 27. Rea1 Ra8 28. Qc3 Kg8 29. Nf5 Qf6 30. R1a2 h6 31. Qg3 Kh7 32. Qc3 Rb4 33. Ra4 a5 34. Kg1 Rab8 35. Ng3 Rxa4 36. Rxa4 Rb7 37. Qe3 Qf4 38. Nf5 0-1

[Event "Hosur op 3rd"]
[Site "Hosur"]
[Date "2023.02.05"]
[Round "9"]
[White "Mitul, KH."]
[Black "Manigandan, SS."]
[Result "0-1"]
[WhiteElo "1586"]
[BlackElo "2120"]
[PlyCount "140"]
[EventDate "2023.02.01"]
[EventType "swiss"]
[EventRounds "9"]
[EventCountry "IND"]
[SourceTitle "CBM 212 Extra"]
[Source "ChessBase"]
[SourceDate "2023.03.31"]
[SourceVersion "1"]
[SourceVersionDate "2023.03.31"]
[SourceQuality "1"]

1. e4 c5 2. Nf3 e6 3. d4 cxd4 4. Nxd4 Nc6 5. Nc3 Qc7 6. Be3 a6 7. Qf3 Nf6 8. Bd3 Ne5 9. Qe2 Neg4 10. Nb3 Nxe3 11. Qxe3 Bb4 12. 0-0 Bxc3 13. bxc3 d6 14. f4 Nd7 15. Qg3 0-0 16. Rf3 e5 17. f5 f6 18. Nd2 b5 19. Qh4 Rf7 20. Be2 Nf8 21. Rg3 d5 22. Rf1 Bb7 23. Kh1 Qb6 24. exd5 Bxd5 25. c4 Bb7 26. Nb3 Rd7 27. c5 Qd8 28. c4 b4 29. Bf3 Bxf3 30. Rgxf3 Rc8 31. Qe4 a5 32. c6 Rd1 33. c5 a4 34. Nc1 Rd4 35. Qc2 Qa5 36. Ne2 Rd5 37. Ng3 Rxc5 38. Qe2 R5xc6 39. Nh5 Qa6 40. Qd2 Qc4 41. Rg1 Qd4 42. Qe2 Rc1 43. Rgf1 R8c2 44. Qa6 Rxf1+ 45. Rxf1 Qc4 46. Qxc4+ Rxc4 47. h3 Kf7 48. Ng3 Nd7 49. Rf2 Nc5 50. Nf1 Rc1 51. Kh2 Nd3 52. Rd2 Rxf1 53. Rxd3 Rxf5 54. Rd7+ Kg6 55. Ra7 a3 56. Kg3 Rf4 57. h4 h5 58. Rb7 Rc4 59. Kh3 Rc3+ 60. g3 Rc4 61. Ra7 Rc2 62. Ra4 Rb2 63. g4 hxg4+ 64. Kg3 Kf5 65. h5 Rxa2 66. Rxb4 Rb2 67. Ra4 Rb3+ 68. Kg2 Kg5 69. h6 gxh6 70. Ra8 f5 0-1

[Event "Hosur op 3rd"]
[Site "Hosur"]
[Date "2023.02.04"]
[Round "7"]
[White "Kumaresh, A."]
[Black "Manigandan, SS."]
[Result "1/2-1/2"]
[WhiteElo "1656"]
[BlackElo "2120"]
[PlyCount "252"]
[EventDate "2023.02.01"]
[EventType "swiss"]
[EventRounds "9"]
[EventCountry "IND"]
[SourceTitle "CBM 212 Extra"]
[Source "ChessBase"]
[SourceDate "2023.03.31"]
[SourceVersion "1"]
[SourceVersionDate "2023.03.31"]
[SourceQuality "1"]

1. c4 e5 2. Nc3 Bb4 3. Qb3 Bxc3 4. Qxc3 Nc6 5. Nf3 d6 6. d4 Qe7 7. b3 Bg4 8. d5 Nb8 9. h3 Bd7 10. e4 Nf6 11. Bd3 c5 12. a3 a5 13. Be3 0-0 14. g4 Na6 15. Bg5 Rfb8 16. a4 Nc7 17. Qd2 Kf8 18. Ke2 Ke8 19. Rag1 Qf8 20. Bxf6 gxf6 21. Rg3 Kd8 22. Nh2 Qg7 23. Rf3 Ke7 24. Nf1 Qg5 25. Ne3 Qg6 26. Rg1 h5 27. g5 fxg5 28. Rxg5 Qh7 29. Nf5+ Bxf5 30. Rfxf5 Rh8 31. Rg3 f6 32. h4 b6 33. Ke1 Rag8 34. Be2 Rxg3 35. fxg3 Qg6 36. Qe3 Ne8 37. Bf1 Qh6 38. Kf2 Ng7 39. Qxh6 Rxh6 40. Rf3 Kf7 41. Bh3 Rh8 42. Bf5 Rg8 43. Kg2 Rh8 44. Bd7 Kg6 45. Kh3 Rf8 46. Bf5+ Kh6 47. Rf1 Ne8 48. Bd7 Ng7 49. Bf5 Rg8 50. Be6 Rf8 51. Bf5 Nxf5 52. Rxf5 Kg6 53. g4 hxg4+ 54. Kxg4 Rg8 55. Rh5 Rf8 56. Rf5 Rg8 57. Rh5 Rb8 58. Rf5 Kf7 59. Rh5 Kg6 60. Rf5 Kf7 61. Rh5 Kg7 62. Kf5 Re8 63. Kg4 Kg6 64. Rf5 Rg8 65. Rh5 Kg7 66. Kf5 Re8 67. Kg4 Kg6 68. Rf5 Rf8 69. Rh5 Rg8 70. Rf5 Kf7+ 71. Kf3 Rg1 72. Rh5 Kg7 73. Rf5 Rb1 74. Kg4 Re1 75. Rf3 Kf7 76. Kf5 Rg1 77. Rf2 Rg3 78. Rf1 Rg2 79. Rf3 Rg1 80. Rf2 Rg3 81. Rf1 Rxb3 82. Kg4 Re3 83. Kf5 Re2 84. Rf3 Re1 85. Rb3 Rf1+ 86. Kg4 Kg6 87. h5+ Kh6 88. Rxb6 Rf4+ 89. Kg3 Rxe4 90. Rxd6 Rxc4 91. Rxf6+ Kxh5 92. Rf5+ Kg6 93. Rxe5 Kf6 94. Re6+ Kf5 95. Kf3 Rxa4 96. Ke3 Rd4 97. Ra6 Ke5 98. Rxa5 Kxd5 99. Ra1 Kc6 100. Rb1 Rd8 101. Rb2 Rd1 102. Rd2 Rh1 103. Rg2 Kb5 104. Kd3 Rc1 105. Rb2+ Kc6 106. Rb8 Rd1+ 107. Kc3 Rc1+ 108. Kd3 Rd1+ 109. Kc3 Rd4 110. Rc8+ Kb6 111. Rb8+ Kc7 112. Rh8 Rg4 113. Rh6 Re4 114. Rg6 Kd7 115. Rh6 Re6 116. Rxe6 Kxe6 117. Kc4 Kd6 118. Kc3 Kd5 119. Kd3 c4+ 120. Kc3 Kc5 121. Kc2 Kb4 122. Kb2 c3+ 123. Kc2 Kc4 124. Kc1 Kb3 125. Kb1 c2+ 126. Kc1 Kc3 1/2-1/2

[Event "IND-ch 59th"]
[Site "New Delhi"]
[Date "2022.12.30"]
[Round "9"]
[White "Singh, Ojasva"]
[Black "Manigandan, SS."]
[Result "0-1"]
[WhiteElo "2366"]
[BlackElo "2074"]
[PlyCount "54"]
[EventDate "2022.12.22"]
[EventType "swiss"]
[EventRounds "13"]
[EventCountry "IND"]
[SourceTitle "CBM 211 Extra"]
[Source "ChessBase"]
[SourceDate "2023.01.31"]
[SourceVersion "1"]
[SourceVersionDate "2023.01.31"]
[SourceQuality "1"]

1. e4 e6 2. d4 d5 3. Nc3 dxe4 4. Nxe4 Nf6 5. Nxf6+ gxf6 6. Be3 Nc6 7. Nf3 Qd7 8. a3 b6 9. c4 Bb7 10. Qc2 0-0-0 11. 0-0-0 h5 12. Be2 Ne7 13. Nh4 f5 14. d5 exd5 15. Bd3 Bh6 16. f4 Kb8 17. c5 d4 18. Bd2 Qd5 19. Rhe1 Ng6 20. Nxf5 Bxf4 21. cxb6 axb6 22. Ne7 Qd6 23. Bxg6 fxg6 24. Nxg6 Bxd2+ 25. Rxd2 Rhe8 26. Rxe8 Rxe8 27. Qf5 Be4 0-1

[Event "Raipur Chhattisgarh"]
[Site "Raipur"]
[Date "2022.09.23"]
[Round "5"]
[White "Manigandan, SS."]
[Black "Saravana, Krishnan P"]
[Result "1/2-1/2"]
[WhiteElo "2131"]
[BlackElo "2261"]
[PlyCount "64"]
[EventDate "2022.09.19"]
[EventType "swiss"]
[EventRounds "10"]
[EventCountry "IND"]
[SourceTitle "CBM 210 Extra"]
[Source "ChessBase"]
[SourceDate "2022.11.30"]
[SourceVersion "1"]
[SourceVersionDate "2022.11.30"]
[SourceQuality "1"]

1. Nf3 Nf6 2. c4 g6 3. b4 Bg7 4. Bb2 0-0 5. e3 d6 6. Be2 e5 7. d3 a6 8. 0-0 b5 9. cxb5 axb5 10. a4 Rxa4 11. Rxa4 bxa4 12. Qxa4 Nbd7 13. Nc3 Nb6 14. Qa5 Bd7 15. Nb5 Qb8 16. Rc1 Nfd5 17. Nd2 Qb7 18. Bf3 Ra8 19. Rxc7 Rxa5 20. Rxb7 Rxb5 21. Bxd5 Rxd5 22. Rxb6 Rxd3 23. Nf1 Bf8 24. f3 Rb3 25. Bc1 Be6 26. Kf2 Rb1 27. Bd2 Bc4 28. Ng3 d5 29. Bc3 d4 30. exd4 exd4 31. Bxd4 Rxb4 32. Bc3 Rb1 1/2-1/2

[Event "Chennai op 13th"]
[Site "Chennai"]
[Date "2022.06.22"]
[Round "6"]
[White "Srihari, LR."]
[Black "Manigandan, SS."]
[Result "1-0"]
[WhiteElo "2404"]
[BlackElo "2127"]
[PlyCount "81"]
[EventDate "2022.06.19"]
[EventType "swiss"]
[EventRounds "10"]
[EventCountry "IND"]
[SourceTitle "CBM 209 Extra"]
[Source "ChessBase"]
[SourceDate "2022.09.30"]
[SourceVersion "1"]
[SourceVersionDate "2022.09.30"]
[SourceQuality "1"]

1. Nf3 Nf6 2. c4 g6 3. b4 Bg7 4. Bb2 0-0 5. e3 b6 6. Be2 Bb7 7. 0-0 c5 8. a3 d5 9. cxd5 Qxd5 10. Nc3 Qf5 11. bxc5 bxc5 12. Qb3 Bc6 13. Rac1 Nbd7 14. Qc2 Rab8 15. Ba1 Qxc2 16. Rxc2 e5 17. d3 Rb3 18. Ra2 Nd5 19. Ne4 Rbb8 20. Rc1 Ba4 21. Nfd2 Rfc8 22. Bf3 N5f6 23. Nd6 Rc7 24. Bc3 Bf8 25. N6c4 Bb3 26. Rb2 Bxc4 27. Rxb8 Nxb8 28. Bxe5 Rc8 29. Nxc4 Nbd7 30. Bf4 h6 31. h4 Rd8 32. Rb1 Kg7 33. Bc7 Rc8 34. Rb7 a6 35. Kf1 g5 36. hxg5 hxg5 37. g4 Re8 38. Ra7 Re6 39. Ba5 Nb8 40. Bc3 Kg6 41. Ne5+ 1-0

[Event "Tamil Nadu-ch 68th"]
[Site "Tirunelveli"]
[Date "2021.04.01"]
[Round "7"]
[White "Manigandan, SS."]
[Black "Kishore, Kumar Jaganathan"]
[Result "1-0"]
[WhiteElo "2154"]
[BlackElo "1736"]
[PlyCount "61"]
[EventDate "2021.03.29"]
[EventType "swiss"]
[EventRounds "9"]
[EventCountry "IND"]
[SourceTitle "EXT 2022"]
[Source "ChessBase"]
[SourceDate "2021.10.06"]
[SourceVersion "1"]
[SourceVersionDate "2021.10.06"]
[SourceQuality "1"]

1. Nf3 Nf6 2. d4 g6 3. c4 Bg7 4. Nc3 d5 5. Qb3 dxc4 6. Qxc4 0-0 7. Bf4 Nc6 8. e4 Bg4 9. d5 Na5 10. Qc5 c6 11. Rd1 b6 12. Qe3 cxd5 13. exd5 Rc8 14. h3 Bxf3 15. Qxf3 e5 16. dxe6 Qe7 17. Be2 Qxe6 18. 0-0 Rfe8 19. Bb5 Nc6 20. Rd6 Ne5 21. Qd1 Qf5 22. Bxe8 Qxf4 23. Bb5 Bf8 24. Rd4 Qh6 25. Re1 Rc5 26. Rd8 Qg5 27. Rd4 Qh6 28. Qd2 Nf3+ 29. gxf3 Rg5+ 30. Kh2 Bc5 31. Rg1 1-0

[Event "Tamil Nadu-ch 68th"]
[Site "Tirunelveli"]
[Date "2021.03.31"]
[Round "5"]
[White "Manigandan, SS."]
[Black "Subramanian, RM."]
[Result "1/2-1/2"]
[WhiteElo "2154"]
[BlackElo "1810"]
[PlyCount "120"]
[EventDate "2021.03.29"]
[EventType "swiss"]
[EventRounds "9"]
[EventCountry "IND"]
[SourceTitle "EXT 2022"]
[Source "ChessBase"]
[SourceDate "2021.10.06"]
[SourceVersion "1"]
[SourceVersionDate "2021.10.06"]
[SourceQuality "1"]

1. Nf3 d6 2. d4 Bg4 3. g3 c6 4. Bg2 Nf6 5. 0-0 e6 6. c4 Be7 7. Nbd2 Nbd7 8. h3 Bh5 9. b4 0-0 10. Bb2 d5 11. Qb3 b5 12. c5 a5 13. a4 Qb8 14. bxa5 Rxa5 15. Bc3 Rxa4 16. Rxa4 bxa4 17. Qxa4 Qc7 18. Ra1 Ne4 19. Nxe4 dxe4 20. Nd2 f5 21. e3 Bf6 22. Bf1 e5 23. Qa7 Qxa7 24. Rxa7 exd4 25. Bxd4 Ne5 26. Rc7 Rd8 27. Ba6 Bf7 28. Bxe5 Bxe5 29. Rxc6 Kf8 30. Nc4 Bxc4 31. Bxc4 g6 32. g4 Kg7 33. Be6 f4 34. exf4 Bxf4 35. Ra6 e3 36. Ra2 Kf6 37. Bc4 Rd2 38. Rxd2 exd2 39. Bb3 Ke5 40. Kg2 Kd4 41. Kf3 g5 42. c6 Kc5 43. h4 Kxc6 44. Ke4 Kc5 45. Kf5 h6 46. h5 Kb4 47. Bd1 Kc3 48. Kg6 Kb2 49. Kxh6 Kc1 50. Be2 d1Q 51. Bxd1 Kxd1 52. Kg6 Ke2 53. h6 Kxf2 54. h7 Be5 55. Kxg5 Kg3 56. Kf5 Bh8 57. g5 Kh4 58. Kg6 Kg4 59. Kh6 Kf5 60. Kh5 Bg7 1/2-1/2

[Event "Tamil Nadu-ch 68th"]
[Site "Tirunelveli"]
[Date "2021.03.30"]
[Round "4"]
[White "Aravinth, Shanmugam S"]
[Black "Manigandan, SS."]
[Result "0-1"]
[WhiteElo "1660"]
[BlackElo "2154"]
[PlyCount "88"]
[EventDate "2021.03.29"]
[EventType "swiss"]
[EventRounds "9"]
[EventCountry "IND"]
[SourceTitle "EXT 2022"]
[Source "ChessBase"]
[SourceDate "2021.10.06"]
[SourceVersion "1"]
[SourceVersionDate "2021.10.06"]
[SourceQuality "1"]

1. Nf3 Nf6 2. d4 e6 3. g3 b6 4. Bg2 Bb7 5. 0-0 Be7 6. c4 0-0 7. Nc3 Ne4 8. Qc2 Nxc3 9. Qxc3 c5 10. dxc5 bxc5 11. Rd1 Qb6 12. Bg5 Bxg5 13. Nxg5 Bxg2 14. Kxg2 h6 15. Nf3 d6 16. Rd2 Na6 17. Rad1 Rfd8 18. e4 Nc7 19. Qe3 Ne8 20. e5 Rac8 21. Qf4 dxe5 22. Qxe5 Rxd2 23. Rxd2 Nf6 24. b3 Qb7 25. Rd3 a5 26. Qe1 a4 27. bxa4 Qa6 28. Ne5 Qxa4 29. Qd2 Ne4 30. Rd8+ Kh7 31. Qd7 Qc2 32. Qxf7 Rxd8 33. Qg6+ Kg8 34. Qxe6+ Kh8 35. Nf7+ Kh7 36. Qf5+ g6 37. Qf4 Rd2 38. Qxh6+ Kg8 39. Qxg6+ Kf8 40. Qh6+ Kxf7 41. Qh7+ Ke6 42. Qg8+ Kd7 43. Qf7+ Kc6 44. Qe8+ Kc7 0-1

[Event "IND-ch 57th"]
[Site "Majitar"]
[Date "2019.12.16"]
[Round "8"]
[White "Manigandan, SS."]
[Black "Laxman, Rajaram"]
[Result "0-1"]
[WhiteElo "2164"]
[BlackElo "2444"]
[PlyCount "86"]
[EventDate "2019.12.10"]
[EventType "swiss"]
[EventRounds "11"]
[EventCountry "IND"]
[SourceTitle "CBM 193 Extra"]
[Source "ChessBase"]
[SourceDate "2020.01.31"]
[SourceVersion "1"]
[SourceVersionDate "2020.01.31"]
[SourceQuality "1"]

1. d4 Nf6 2. Nf3 b6 3. g3 Bb7 4. Bg2 g6 5. c4 Bg7 6. 0-0 e6 7. Nc3 d6 8. d5 e5 9. Ne1 0-0 10. e4 Nbd7 11. Be3 a5 12. a3 Ba6 13. b3 h5 14. Bh3 Nc5 15. f3 h4 16. g4 Nh7 17. Rf2 Bf6 18. b4 Bg5 19. Ng2 Nd7 20. Nb5 Bxe3 21. Nxe3 Bxb5 22. cxb5 Qg5 23. Ng2 Ra7 24. Rc2 Rfa8 25. Rac1 axb4 26. axb4 Qd8 27. Ne1 Ng5 28. Bf1 Nf6 29. Qd2 Ne8 30. Qf2 Qf6 31. Rc3 Ra4 32. Rb1 Ra1 33. Rxa1 Rxa1 34. Bg2 h3 35. Bf1 Rxe1 36. Qxe1 Nxf3+ 37. Rxf3 Qxf3 38. Qe2 Qc3 39. g5 Ng7 40. Qg4 Qe3+ 41. Kh1 Nh5 42. Qxh3 Qxe4+ 43. Qg2 Qxb4 0-1